La planificación jurídica de la construcción / (Registro nro. 146493)
[ vista simple ]
| 000 -LEADER | |
|---|---|
| campo de control de longitud fija | 00893nam a2200205 i 4500 |
| 001 - NÚMERO DE CONTROL | |
| campo de control | 146493 |
| 003 - IDENTIFICADOR DE NÚMERO DE CONTROL | |
| campo de control | ES-MaACL |
| 005 - FECHA Y HORA DE LA ÚLTIMA TRANSACCIÓN | |
| campo de control | 20230906201544.0 |
| 007 - CAMPO FIJO DE DESCRIPCIÓN FÍSICA--INFORMACIÓN GENERAL | |
| campo de control de longitud fija | t| |
| 008 - DATOS DE LONGITUD FIJA--INFORMACIÓN GENERAL | |
| campo de control de longitud fija | 070911s1964 sp ||||1| spa d |
| 245 03 - MENCIÓN DEL TÍTULO | |
| Título | La planificación jurídica de la construcción / |
| Mención de responsabilidad, etc. | por José Manuel Coloma Escrivá de Romaní ... [et al.]. |
| 260 ## - PUBLICACIÓN, DISTRIBUCIÓN, ETC. | |
| Lugar de publicación, distribución, etc. | Madrid : |
| Nombre del editor, distribuidor, etc. | Instituto Nacional de Estudios Jurídicos : |
| -- | Colegio Oficial de Arquitectos de Madrid, |
| Fecha de publicación, distribución, etc. | [1964] |
| 300 ## - DESCRIPCIÓN FÍSICA | |
| Extensión | XIV, 808 p. ; |
| Dimensiones | 25 cm. |
| 490 1# - MENCIÓN DE SERIE | |
| Mención de serie | Tratado práctico del derecho referente a la construcción y a la arquitectura ; |
| Designación de volumen o secuencia | 1 |
| 650 #4 - PUNTO DE ACCESO ADICIONAL DE MATERIA--TÉRMINO DE MATERIA | |
| Término de materia o nombre geográfico como elemento de entrada | Construcción- |
| Subdivisión general | Derecho- |
| Subdivisión geográfica | España. |
| 9 (RLIN) | 161574 |
| 700 1# - ENTRADA AGREGADA--NOMBRE PERSONAL | |
| Nombre de persona | Coloma Escrivá de Romaní, José Manuel. |
| 9 (RLIN) | 161575 |
| 830 0# - PUNTO DE ACCESO ADICIONAL DE SERIE-TÍTULO UNIFORME | |
| Título uniforme | Tratado práctico del derecho referente a la construcción y a la arquitectura ; |
| Designación de volumen o secuencia | 1 |
| 9 (RLIN) | 220843 |
| 852 ## - LOCALIZACIÓN | |
| Ubicación | ES-MaACL |
| Número de control de estantería | P-313-Bis |
| Sublocalización o colección | R.55324 |
| Estatus retirado | Estado de pérdida | Estado de daño | No para préstamo | Biblioteca de origen | Biblioteca actual | Ubicación en estantería | Fecha de adquisición | Fuente de adquisición | Total de préstamos | Signatura topográfica completa | Código de barras | Visto por última vez | Precio de reemplazo | Tipo de ítem Koha |
|---|---|---|---|---|---|---|---|---|---|---|---|---|---|---|
| Biblioteca del Ateneo de Madrid | Biblioteca del Ateneo de Madrid | Depósito 2 | 17/01/2008 | P-313-Bis | 1152898 | 23/02/2023 | 23/02/2023 | Libro impreso |
